000 00625nam a2200193Ia 4500
999 _c3647
_d3647
003 GBCCL
005 20241126110459.0
008 171130b xxu||||| |||| 00| 0 eng d
040 _cgbc
082 _aVER 226.207
_bVUN
100 _aVung Minthang, S
_97244
245 _aTanchin hoih Mathai gelh Hilhchetna:
_bBung 1-12 /
_cS. Vung Minthang
260 _bEvangelical Baptist Convention,
_aNew Lamka:
_c2011
300 _a177p.;
_c20 cm.
440 _aSaptuam' Laisiangthou Hilhchetna
_97247
650 _aBible
_vNew Testament
_xMathew
_yCommentaries
_97245
650 _aSunday School
_vAdult
_97246
942 _eREPRINT
_2ddc
_cBK
_01